| 000 | 01315nam a22001937a 4500 | ||
|---|---|---|---|
| 008 | 150811b xxu||||| |||| 00| 0 eng d | ||
| 020 | _a8496540200 | ||
| 082 |
_a708 _bB912q |
||
| 100 |
_aBrus, Günter _93255 |
||
| 245 | _aQuietud nerviosa en el horizonte | ||
| 260 |
_aBarcelona : _bMuseu d´Art Contemporani de Barcelona _cc2005 |
||
| 300 |
_a304 págs. _b1ll. (some col.), _c21 cm. |
||
| 500 | _aEste catálogo se publica en ocasión de la exposición Günter Brus. Quietud nerviosa en el horizonte, que se presenta en el Museu d´Art Contemporani de Barcelona entre el 12 de octubre de 2005 y el 15 de enero de 2006. | ||
| 505 |
_tExceso pictórico. De la pintura de acción al body-art / Monika Faber _tBlanco roto / John C. Welchman _tGünther Brus : arte cisoria / Manuel Asensi _t"No soy yo quien vive, sino mi artre" Günter Brus : del accionista al puntor-poeta/ Johanna Schwanberg _tComo un torrente o pintura alrededor -- Autopintura = automutilación superada -- La locura total -- Investigación de la cosmovisión -- Ocaso de las Qui,eras -- Instintos ebrios -- Tiempo de estímulos -- Mantenerse en el marco de lo imposible |
||
| 600 |
_aBrus, Günter _vExhibiciones _93256 |
||
| 650 |
_aArte Moderno _vPintura _93257 |
||
| 650 |
_aArte Moderno _vFotografía _93258 |
||
| 650 |
_aArte Moderno _vDibujo _93259 |
||
| 999 |
_c714 _d714 |
||